La iglesia católica y romana / (Record no. 168519)

MARC details
000 -LEADER
campo de control de longitud fija 00615nam a22001935i 4500
001 - NÚMERO DE CONTROL
campo de control 168519
003 - IDENTIFICADOR DE NÚMERO DE CONTROL
campo de control ES-MaACL
005 - FECHA Y HORA DE LA ÚLTIMA TRANSACCIÓN
campo de control 20250830111233.0
008 - DATOS DE LONGITUD FIJA--INFORMACIÓN GENERAL
campo de control de longitud fija 080416s1973 sp |||| | spa d
080 ## - NÚMERO DE LA CLASIFICACIÓN DECIMAL UNIVERSAL
Número de la Clasificación Decimal Universal 282
100 1# - ENTRADA PRINCIPAL--NOMBRE DE PERSONA
Nombre de persona McKenzie, John L.
9 (RLIN) 137601
245 13 - MENCIÓN DEL TÍTULO
Título La iglesia católica y romana /
Mención de responsabilidad, etc. John L. Mac Kenzie ; [traducción: Manuel Gómez-Pallete].
260 ## - PUBLICACIÓN, DISTRIBUCIÓN, ETC.
Lugar de publicación, distribución, etc. Madrid :
Nombre del editor, distribuidor, etc. Apostolado de la Prensa,
Fecha de publicación, distribución, etc. [1973]
300 ## - DESCRIPCIÓN FÍSICA
Extensión 252 p. ;
Dimensiones 23 cm.
610 24 - PUNTO DE ACCESO ADICIONAL DE MATERIA--NOMBRE DE ENTIDAD CORPORATIVA
Nombre de entidad corporativa o nombre de jurisdicción como elemento de entrada Iglesia Católica
9 (RLIN) 4639
700 1# - ENTRADA AGREGADA--NOMBRE PERSONAL
Nombre de persona Gómez-Pallete, Manuel.
9 (RLIN) 58097
852 ## - LOCALIZACIÓN
Ubicación ES-MaACL
Número de control de estantería C-53969
itemnumber 86953
Holdings
Estatus retirado Estado de pérdida Estado de daño No para préstamo Biblioteca de origen Biblioteca actual Ubicación en estantería Fecha de adquisición Fuente de adquisición Total de préstamos Signatura topográfica completa Código de barras Visto por última vez Precio de reemplazo Tipo de ítem Koha
        Biblioteca del Ateneo de Madrid Biblioteca del Ateneo de Madrid Depósito 2 16/04/2008     C-53969 1176844 23/02/2023 23/02/2023 Libro impreso